000 00401cam a22001451 4500
082 _a297.63
_bWAT
_cL-31,P109
100 1 _aWatt, W. Montgomery
_937105
245 1 0 _aMuhammad at Mecca.
260 _aOxford,
_bClarendon Press,
_c1953.
300 _axvi, 192 p.
_c23 cm.
500 _aSequel: Muhammad at Medina.
526 _a0
_b0
_c0
_d297_630000000000000_WAT
650 _aMCE
_9379
942 _2ddc
_cBK
999 _c542341
_d542341